[Event "BL 1617 SV Griesheim - SV Hockenheim"]
[Site "?"]
[Date "2017.04.29"]
[Round "13.3"]
[White "Moiseenko, Alexander"]
[Black "Tazbir, Marcin"]
[Result "1/2-1/2"]
[WhiteElo "2670"]
[BlackElo "2512"]
[PlyCount "175"]
[EventDate "2017.??.??"]

1. d4 Nf6 2. c4 e6 3. Nf3 Bb4+ 4. Nbd2 b6 5. a3 Bxd2+ 6. Qxd2 Bb7 7. e3 O-O 8.
Be2 d6 9. O-O Nbd7 10. b4 Qe7 11. Bb2 c5 12. dxc5 dxc5 13. Rfd1 Rfd8 14. Qd6
Qxd6 15. Rxd6 Ne4 16. Rd3 Nf8 17. Rad1 Rxd3 18. Rxd3 f6 19. Ne1 Rc8 20. b5 Rc7
21. f3 Ng5 22. a4 Rd7 23. a5 Nf7 24. a6 Bc8 25. f4 Nd6 26. Nf3 Kf7 27. g4 h6
28. h4 Ne8 29. Ra3 Rd8 30. e4 e5 31. f5 Nd7 32. Kf2 Nd6 33. Ke3 g6 34. Ra1 gxf5
35. gxf5 Rg8 36. Rg1 Rxg1 37. Nxg1 Kg7 38. Bd3 Nf8 39. Nf3 Nf7 40. Bc3 Bd7 41.
Be2 Be8 42. Kd3 Nd7 43. Nd2 Nd6 44. Nf1 Bf7 45. Ne3 Nf8 46. Bd2 Nd7 47. Bf3 Nf8
48. Kc3 Nd7 49. Bc1 Kh7 50. Kd3 Kg7 51. Bd1 Kh7 52. Bc2 Kg7 53. Kc3 Kh7 54. Bd3
Kg7 55. Nf1 Kh7 56. Ng3 Kg7 57. Be3 Be8 58. Nh1 Bh5 59. Ng3 Be8 60. Nf1 Bf7 61.
Nd2 Bh5 62. Bf1 Bg4 63. Kd3 Bh5 64. Be2 Be8 65. Bf3 Bf7 66. Kc3 Kh7 67. Bd1 Kg7
68. Kd3 Kh7 69. Be2 Kg7 70. Kc3 Be8 71. Bf2 Bf7 72. Bd3 Bh5 73. Nf1 Kg8 74. Ng3
Bf7 75. Be2 Kg7 76. Be3 Kh7 77. Bc1 Kg7 78. Bd3 Kh7 79. Nf1 Kg7 80. Ne3 Kh7 81.
Ng4 Bh5 82. Nf2 Kg7 83. Bd2 Bf3 84. Be3 Kh7 85. Bc2 Kg7 86. Bd3 Kh7 87. Bc1 Kg7
88. Kd2 1/2-1/2

[Event "BL 1617 SV Griesheim - SV Hockenheim"]
[Site "?"]
[Date "2017.04.29"]
[Round "13.4"]
[White "Walter, Stefan"]
[Black "Banusz, Tamas"]
[Result "0-1"]
[WhiteElo "2416"]
[BlackElo "2613"]
[PlyCount "106"]
[EventDate "2017.??.??"]

1. d4 Nf6 2. c4 e6 3. g3 d5 4. Nf3 Bb4+ 5. Bd2 Be7 6. Bg2 O-O 7. O-O Nbd7 8.
Qc2 Ne4 9. Bf4 c6 10. Ne5 g5 11. Be3 Nd6 12. cxd5 cxd5 13. Nc3 Kh8 14. Rad1 f6
15. Nf3 b6 16. Bc1 Bb7 17. Nd2 f5 18. a4 a5 19. Rfe1 Bf6 20. Ndb1 Rc8 21. Qd3
Nb8 22. Nb5 Nc6 23. N1c3 Ba6 24. e3 Nb4 25. Qb1 Nf7 26. f3 g4 27. f4 h5 28. Bf1
h4 29. Na2 Nxa2 30. Qxa2 Kg7 31. b3 Rh8 32. Ba3 Bxb5 33. axb5 Be7 34. Rc1 Qd7
35. Qb2 Bxa3 36. Qxa3 hxg3 37. hxg3 Nd6 38. Bd3 Kf6 39. Rxc8 Nxc8 40. Qb2 Rh3
41. Qa3 Rxg3+ 42. Kf2 Rf3+ 43. Ke2 Qd6 44. Qxd6 Nxd6 45. Rh1 Kg7 46. Rh5 Kg6
47. Rg5+ Kf6 48. Rh5 Ne4 49. Bxe4 dxe4 50. Rh6+ Kf7 51. Rh7+ Kg6 52. Rh1 g3 53.
Rf1 Rxf1 0-1

[Event "BL 1617 SV Griesheim - SV Hockenheim"]
[Site "?"]
[Date "2017.04.29"]
[Round "13.5"]
[White "Baramidze, David"]
[Black "Baskin, Robert"]
[Result "1/2-1/2"]
[WhiteElo "2609"]
[BlackElo "2348"]
[PlyCount "85"]
[EventDate "2017.??.??"]

1. Nf3 Nf6 2. c4 g6 3. g3 Bg7 4. Bg2 c5 5. O-O d5 6. cxd5 Nxd5 7. Nc3 Nc6 8. d3
O-O 9. Bd2 Nxc3 10. Bxc3 Bg4 11. Rc1 Qd6 12. Bxg7 Kxg7 13. Qc2 Bxf3 14. Bxf3
Nd4 15. Qxc5 Nxf3+ 16. exf3 Qxd3 17. Qe5+ Kg8 18. f4 e6 19. Rfd1 Qf3 20. Rd7
Rac8 21. Rcc7 Rxc7 22. Qxc7 b6 23. a3 Qe4 24. Qe5 Qa4 25. Rc7 a5 26. h4 h5 27.
Qd6 Qb3 28. Qd4 Rb8 29. Qd7 Rf8 30. Qd4 Rb8 31. Kg2 Qb5 32. Kh2 Qf1 33. Rd7 b5
34. Qa7 Rf8 35. Qc5 Qc4 36. Rc7 Qf1 37. Qd4 Rb8 38. Qa7 Rf8 39. Qd4 Rb8 40. Qa7
Rf8 41. Rb7 Qe2 42. Qd4 Qf1 43. Rc7 1/2-1/2

[Event "BL 1617 SV Griesheim - SV Hockenheim"]
[Site "?"]
[Date "2017.04.29"]
[Round "13.6"]
[White "Grimm, Julius"]
[Black "Braun, Arik"]
[Result "1/2-1/2"]
[WhiteElo "2281"]
[BlackElo "2581"]
[PlyCount "104"]
[EventDate "2017.??.??"]

1. d4 Nf6 2. c4 e6 3. Nc3 Bb4 4. e3 b6 5. Nge2 c5 6. a3 Ba5 7. Rb1 Na6 8. g3
Bb7 9. d5 b5 10. Bg2 bxc4 11. e4 exd5 12. exd5 O-O 13. O-O d6 14. Qa4 Nd7 15.
Bf4 Bxc3 16. Nxc3 Nb6 17. Qc2 Nc7 18. Rbd1 Qd7 19. a4 a5 20. Ne4 Ne8 21. Rfe1
h6 22. Nc3 Ba6 23. Be4 f5 24. Bg2 Rd8 25. Re6 Nc8 26. Bh3 Qf7 27. Re2 Nc7 28.
Bg2 Nb6 29. h4 Bb7 30. Nb5 Nxb5 31. axb5 Nxd5 32. Qxc4 Nxf4 33. Qxf4 Bxg2 34.
Kxg2 Qb7+ 35. Kh2 Qxb5 36. Red2 Rf6 37. Rxd6 Rdxd6 38. Rxd6 Rxd6 39. Qxd6 c4
40. Kg1 a4 41. h5 Kh8 42. Qe6 f4 43. gxf4 Qxh5 44. Qxc4 Qg4+ 45. Kh2 Qd7 46.
Qe4 Kg8 47. Kg3 Kf7 48. Qc4+ Kf6 49. Qc3+ Kf7 50. Qc4+ Kf8 51. Qb4+ Kg8 52. Qe4
Kf7 1/2-1/2

[Event "BL 1617 SG Trier - DJK Aachen"]
[Site "?"]
[Date "2017.04.29"]
[Round "13.1"]
[White "van Foreest, Jorden"]
[Black "Erdos, Viktor"]
[Result "0-1"]
[WhiteElo "2584"]
[BlackElo "2593"]
[PlyCount "86"]
[EventDate "2017.??.??"]

1. e4 e5 2. Nf3 Nc6 3. Bc4 Bc5 4. O-O Nf6 5. d3 d6 6. c3 a5 7. a4 h6 8. Be3
Bxe3 9. fxe3 O-O 10. Nbd2 g6 11. d4 Qe7 12. h3 Kg7 13. Qc2 Nb8 14. Rf2 Nbd7 15.
Raf1 b6 16. Qd3 c6 17. Qe2 Nxe4 18. Nxe4 d5 19. dxe5 Nxe5 20. Nxe5 Qxe5 21. Nf6
dxc4 22. Qxc4 Ba6 23. Qxc6 Bxf1 24. Rxf1 Qxe3+ 25. Kh1 Qe2 26. Kg1 Qe6 27. Qf3
Rad8 28. Qg3 Qd6 29. Qg4 Qe5 30. Qf3 Rd6 31. Ng4 Qc5+ 32. Kh1 h5 33. Ne3 Qc6
34. Qg3 Rf6 35. Rd1 Re8 36. Nd5 Rf5 37. c4 Kh7 38. b3 Qc5 39. Re1 Rxe1+ 40.
Qxe1 Qd4 41. Kh2 h4 42. Qe2 Rf2 43. Qe7 Rf1 0-1

[Event "BL 1617 SG Trier - DJK Aachen"]
[Site "?"]
[Date "2017.04.29"]
[Round "13.4"]
[White "Bobras, Piotr"]
[Black "Hoffmann, Michael"]
[Result "1/2-1/2"]
[WhiteElo "2522"]
[BlackElo "2457"]
[PlyCount "79"]
[EventDate "2017.??.??"]

1. e4 e6 2. d4 d5 3. Nc3 Nf6 4. e5 Nfd7 5. f4 c5 6. Nf3 Nc6 7. Be3 cxd4 8. Nxd4
Qb6 9. Qd2 Qxb2 10. Rb1 Qa3 11. Bb5 Nxd4 12. Bxd4 a6 13. Bxd7+ Bxd7 14. Rb3 Qe7
15. Rxb7 Rc8 16. O-O Qa3 17. Kh1 Qa5 18. f5 Bc5 19. Bxc5 Rxc5 20. Qg5 Rc7 21.
Qxg7 Rf8 22. Rxc7 Qxc7 23. Qg3 Qc4 24. Rb1 exf5 25. h3 f4 26. Rb8+ Bc8 27. Qg4
Ke7 28. Qg5+ Kd7 29. Rb3 Qf1+ 30. Kh2 f3 31. Qf5+ Kc6 32. Qxf3 Qxf3 33. gxf3 f6
34. exf6 Rxf6 35. Ne2 Bd7 36. Rc3+ Kd6 37. Re3 Kc5 38. Rc3+ Kd6 39. Re3 Kc5 40.
Rc3+ 1/2-1/2

[Event "BL 1617 SG Trier - DJK Aachen"]
[Site "?"]
[Date "2017.04.29"]
[Round "13.6"]
[White "Jaracz, Pawel"]
[Black "Braga, Fernando"]
[Result "1/2-1/2"]
[WhiteElo "2469"]
[BlackElo "2410"]
[PlyCount "64"]
[EventDate "2017.??.??"]

1. Nf3 Nf6 2. g3 c5 3. Bg2 Nc6 4. O-O d5 5. d4 e6 6. c4 dxc4 7. dxc5 Qxd1 8.
Rxd1 Bxc5 9. Nbd2 c3 10. bxc3 O-O 11. Ne1 Be7 12. Nd3 Bd7 13. Nb3 b6 14. c4
Rfd8 15. Bb2 Be8 16. c5 Rac8 17. cxb6 axb6 18. Rac1 Nd5 19. Nd4 Nxd4 20. Bxd4
Bf6 21. Bxf6 Nxf6 22. Bb7 Rxc1 23. Rxc1 Bb5 24. Rb1 Bxd3 25. exd3 Rd6 26. d4
Kf8 27. Kf1 Ke7 28. Ke2 Kd7 29. Bf3 Kc7 30. Rc1+ Kd7 31. Rb1 Kc7 32. Rc1+ Kd7
1/2-1/2

[Event "BL 1617 SG Trier - DJK Aachen"]
[Site "?"]
[Date "2017.04.29"]
[Round "13.6"]
[White "Jaracz, Pawel"]
[Black "Braga, Fernando"]
[Result "1/2-1/2"]
[WhiteElo "2469"]
[BlackElo "2410"]
[PlyCount "66"]
[EventDate "2017.??.??"]

1. c4 c5 2. Nf3 Nf6 3. Nc3 Nc6 4. d4 cxd4 5. Nxd4 g6 6. Nc2 Bg7 7. e4 d6 8. Be2
O-O 9. O-O Nd7 10. Bd2 Nc5 11. b4 Bxc3 12. Bxc3 Nxe4 13. Bb2 e5 14. Qe1 Qe7 15.
Bd3 f5 16. Rd1 Be6 17. Bxe4 fxe4 18. Ne3 a5 19. a3 axb4 20. axb4 Rfd8 21. Nd5
Qf7 22. Qxe4 Ra2 23. Qb1 Raa8 24. f4 Qf5 25. Qc1 Bxd5 26. cxd5 Nd4 27. Qe3 Nc2
28. Qd2 Qe4 29. fxe5 dxe5 30. Rf2 Nd4 31. Bxd4 Rxd5 32. Rdf1 Qxd4 33. Qh6 Rdd8
1/2-1/2

[Event "BL 1617 OSG Baden Baden - SP Schwegenhe"]
[Site "?"]
[Date "2017.04.29"]
[Round "13.1"]
[White "Horvath, Adam"]
[Black "Aronian, Levon"]
[Result "0-1"]
[WhiteElo "2468"]
[BlackElo "2774"]
[PlyCount "102"]
[EventDate "2017.??.??"]

1. e4 g6 2. d4 Bg7 3. Nc3 c6 4. Nf3 d6 5. Be2 Nf6 6. O-O O-O 7. a4 b6 8. h3 Bb7
9. e5 Ne8 10. Bf4 Nd7 11. Re1 c5 12. exd6 Nxd6 13. dxc5 Nxc5 14. Be5 a5 15.
Bxg7 Kxg7 16. Qd4+ Kg8 17. Rad1 Qc7 18. Qe5 Rac8 19. Nd4 Rfd8 20. Bf3 Bxf3 21.
Nxf3 e6 22. Rd4 Ne8 23. Qxc7 Nxc7 24. Red1 Rxd4 25. Rxd4 Kf8 26. Ne5 Ke7 27.
Nc6+ Ke8 28. Nb5 Nxb5 29. axb5 Nb7 30. c4 Nd8 31. Ne5 Rc7 32. f4 f6 33. Ng4 Ke7
34. Nxf6 Kxf6 35. Rxd8 Rxc4 36. Rf8+ Ke7 37. Rb8 Rxf4 38. Rxb6 Rb4 39. Rb7+ Kd6
40. Rxh7 Rxb2 41. Ra7 Rxb5 42. Ra6+ Kc5 43. h4 Kb4 44. Rxe6 a4 45. Rxg6 a3 46.
Ra6 Ra5 47. Rb6+ Ka4 48. Rb1 a2 49. Ra1 Kb3 50. Kf2 Kb2 51. Rh1 Rc5 0-1

[Event "BL 1617 OSG Baden Baden - SP Schwegenhe"]
[Site "?"]
[Date "2017.04.29"]
[Round "13.2"]
[White "Anand, Viswanathan"]
[Black "Ruck, Robert"]
[Result "1/2-1/2"]
[WhiteElo "2786"]
[BlackElo "2557"]
[PlyCount "86"]
[EventDate "2017.??.??"]

1. e4 c6 2. d4 d5 3. e5 Bf5 4. Nf3 e6 5. Be2 Nd7 6. O-O Ne7 7. c3 Ng6 8. Re1
Be7 9. Bd3 Bxd3 10. Qxd3 Nh4 11. Nxh4 Bxh4 12. Nd2 Qb6 13. Qh3 Be7 14. Qg3 O-O
15. Nf3 Kh8 16. h4 c5 17. Rd1 Rac8 18. b3 cxd4 19. cxd4 Rc2 20. Ng5 Bxg5 21.
Bxg5 Rfc8 22. Rd3 Qb4 23. Qf4 Qf8 24. Rg3 h6 25. Bf6 Nxf6 26. exf6 g6 27. h5 g5
28. Qe5 Qa3 29. f4 Rc1+ 30. Rxc1 Qxc1+ 31. Kh2 Qxf4 32. Qxf4 gxf4 33. Rg7 Rc2
34. Kh3 Rxa2 35. Rxf7 Kg8 36. Rxb7 a5 37. Rg7+ Kf8 38. Rg6 Kf7 39. Rxh6 Rd2 40.
Kg4 Rxg2+ 41. Kxf4 Rf2+ 42. Ke5 Re2+ 43. Kd6 Re4 1/2-1/2

[Event "BL 1617 OSG Baden Baden - SP Schwegenhe"]
[Site "?"]
[Date "2017.04.29"]
[Round "13.3"]
[White "Nemeth, Miklos"]
[Black "Kasimdzhanov, Rustam"]
[Result "1/2-1/2"]
[WhiteElo "2449"]
[BlackElo "2698"]
[PlyCount "226"]
[EventDate "2017.??.??"]

1. e4 c6 2. d4 d5 3. e5 Bf5 4. Nf3 e6 5. Be2 c5 6. Be3 Qb6 7. b3 Nc6 8. O-O
cxd4 9. Nxd4 Nxd4 10. Bxd4 Bc5 11. Bb2 a6 12. Nd2 Ne7 13. Nf3 O-O 14. a3 Qc7
15. Bd3 Rac8 16. Rc1 Rfd8 17. h3 Be4 18. Qe2 Nf5 19. Kh2 Bxd3 20. Qxd3 h6 21.
Rce1 b5 22. Re2 d4 23. Qe4 Rd5 24. g4 Ne7 25. Kg2 g5 26. h4 Ng6 27. hxg5 hxg5
28. Bc1 Be7 29. Rh1 d3 30. cxd3 Qxc1 31. Rxc1 Rxc1 32. Re1 Rxe1 33. Nxe1 Rxe5
34. Qa8+ Kg7 35. Nf3 Nf4+ 36. Kg1 Rd5 37. d4 Bxa3 38. Qxa6 Be7 39. Qa7 Bf6 40.
Kh2 Ne2 41. Qa2 Nxd4 42. Nxd4 Bxd4 43. Qe2 Kf6 44. Kg2 Ke7 45. Qa2 Be5 46. Kf1
Kf6 47. Qc2 Kg7 48. Qe4 Bc3 49. f4 gxf4 50. Qxf4 Bf6 51. Ke2 Rd4 52. Qf3 b4 53.
Qg3 Kg6 54. Qh3 Rd5 55. Qh1 Bc3 56. Qe4+ Kg7 57. Kf3 Rd1 58. Qe2 Rd2 59. Qe3
Rd5 60. Qf4 Re5 61. Qc4 Rg5 62. Qf4 Ra5 63. Qc4 Rd5 64. Qf4 Bd2 65. Qe4 Kf6 66.
Qc4 Bc3 67. Qf4+ Ke7 68. Qc7+ Kf8 69. Qb8+ Kg7 70. Qf4 Rd3+ 71. Ke2 Rd4 72.
Qg5+ Kf8 73. Qc5+ Ke8 74. Kf3 Rd3+ 75. Ke4 Rh3 76. Qd6 Rh1 77. Kf3 Rf1+ 78. Ke2
Re1+ 79. Kf2 Re5 80. Kf3 Rd5 81. Qc7 Kf8 82. Qb8+ Kg7 83. Qf4 Bd4 84. Qe4 Bc5
85. Qc4 Bd6 86. Qe4 Kg8 87. Kg2 Rc5 88. Qa8+ Bf8 89. Qd8 Rd5 90. Qf6 Bc5 91.
Qf4 Bd6 92. Qf6 Bc5 93. Qf4 Kg7 94. Qe4 Be7 95. Kf3 Rc5 96. Qd4+ Kg8 97. Kg2
Rc2+ 98. Kf1 Rc3 99. Qa7 Bf8 100. Qa5 f6 101. Qh5 Kg7 102. g5 fxg5 103. Qxg5+
Kf7 104. Qh5+ Kf6 105. Qh8+ Ke7 106. Qh4+ Kd7 107. Qd4+ Bd6 108. Qa7+ Kc6 109.
Ke2 Kd5 110. Qb7+ Ke5 111. Qg7+ Ke4 112. Qd7 Kd5 113. Qb7+ Ke5 1/2-1/2

[Event "BL 1617 OSG Baden Baden - SP Schwegenhe"]
[Site "?"]
[Date "2017.04.29"]
[Round "13.4"]
[White "Bacrot, Etienne"]
[Black "Kovacs, Gabor"]
[Result "1-0"]
[WhiteElo "2696"]
[BlackElo "2464"]
[PlyCount "91"]
[EventDate "2017.??.??"]

1. e4 e5 2. Nf3 Nf6 3. Nxe5 d6 4. Nf3 Nxe4 5. Nc3 Nf6 6. d4 Be7 7. Bd3 O-O 8.
h3 Nbd7 9. O-O Re8 10. Ne2 b6 11. c4 Bb7 12. d5 c6 13. dxc6 Bxc6 14. Ned4 Bb7
15. Nf5 Bxf3 16. Qxf3 Ne5 17. Qg3 Nh5 18. Qe3 Bf8 19. Be2 Nf6 20. Qb3 Qc8 21.
Ng3 Qc7 22. Be3 Rac8 23. Rac1 Ned7 24. Rfd1 Nc5 25. Qc3 Nfe4 26. Nxe4 Nxe4 27.
Qc2 Nf6 28. Bd4 Nd7 29. Bg4 Rcd8 30. Bf3 Be7 31. Be4 g6 32. Be3 Bf6 33. b4 Bg7
34. Bd5 Rc8 35. Qd3 Ne5 36. Qb3 Qe7 37. Qa4 Rc7 38. c5 dxc5 39. bxc5 Rd8 40.
cxb6 Rxc1 41. Rxc1 axb6 42. Bxb6 Qg5 43. f4 Qg3 44. Bxd8 Qe3+ 45. Kh2 Qxc1 46.
Qe8+ 1-0

[Event "BL 1617 OSG Baden Baden - SP Schwegenhe"]
[Site "?"]
[Date "2017.04.29"]
[Round "13.7"]
[White "Flierl, Pascal"]
[Black "Meier, Georg"]
[Result "0-1"]
[WhiteElo "2216"]
[BlackElo "2621"]
[PlyCount "90"]
[EventDate "2017.??.??"]

1. e4 e6 2. d4 d5 3. Nc3 Nf6 4. exd5 exd5 5. Bd3 Nc6 6. Nge2 Nb4 7. Bg5 Be7 8.
O-O c6 9. Re1 O-O 10. Ng3 Nxd3 11. Qxd3 h6 12. Bf4 Re8 13. Re2 Bf8 14. Rae1
Rxe2 15. Rxe2 Be6 16. Nd1 Qd7 17. f3 Rc8 18. Nf2 b6 19. c3 c5 20. Be5 Ne8 21.
Qd2 f6 22. Bf4 Nd6 23. Bxd6 Bxd6 24. Nf1 Bf7 25. Ne3 Bf8 26. g3 Rd8 27. Kg2 a5
28. Nd3 c4 29. Nf2 b5 30. a3 Rb8 31. Nh3 b4 32. axb4 axb4 33. Ng4 Rb6 34. Nf4
h5 35. Nf2 g5 36. N4h3 Bg6 37. Ng1 b3 38. Re1 Ra6 39. Ne2 Qf5 40. Nc1 Qc2 41.
Qxc2 bxc2 42. Kf1 Rb6 43. Ke2 Rxb2 44. Kd2 Kf7 45. Nh3 Ba3 0-1

[Event "BL 1617 Schachfr. Berlin - SK König Te"]
[Site "?"]
[Date "2017.04.29"]
[Round "13.1"]
[White "Stern, Rene"]
[Black "Melkumyan, Hrant"]
[Result "0-1"]
[WhiteElo "2506"]
[BlackElo "2619"]
[PlyCount "118"]
[EventDate "2017.??.??"]

1. Nf3 Nf6 2. c4 g6 3. Nc3 Bg7 4. e4 d6 5. d4 O-O 6. Be2 c5 7. O-O Re8 8. h3
cxd4 9. Nxd4 Nc6 10. Be3 Bd7 11. Qd2 Nxd4 12. Bxd4 Bc6 13. Qe3 Qa5 14. f4 e5
15. fxe5 dxe5 16. Bc5 Nd7 17. Bd6 Bf8 18. Bxf8 Rxf8 19. Nd5 Qc5 20. Qf2 Qxf2+
21. Kxf2 a5 22. Ke3 Nc5 23. Rf6 Kg7 24. Raf1 Ne6 25. g3 Nd4 26. Bd3 Rad8 27. h4
h5 28. b3 Rde8 29. Nc7 Re7 30. Nd5 Re6 31. R6f2 Rd6 32. Nf6 Ne6 33. Nd5 Nc5 34.
Be2 Bd7 35. Rb1 Be6 36. a3 Ra8 37. Nc7 Rad8 38. Nd5 Ra8 39. Nc7 Rad8 40. Nd5 f5
41. exf5 Bxf5 42. Rb2 b5 43. a4 bxa4 44. bxa4 Bd7 45. Nc3 Bc6 46. Nb5 R6d7 47.
Rf1 Be4 48. Ra1 Kh6 49. Ra3 Bf5 50. Rba2 g5 51. hxg5+ Kxg5 52. Nc3 Rd3+ 53.
Bxd3 Rxd3+ 54. Ke2 Rxg3 55. Ra1 h4 56. Rh1 h3 57. Ke1 Kh4 58. Nb5 Rxa3 59. Nxa3
Be4 0-1

[Event "BL 1617 Schachfr. Berlin - SK König Te"]
[Site "?"]
[Date "2017.04.29"]
[Round "13.2"]
[White "Piorun, Kacper"]
[Black "Rabiega, Robert"]
[Result "1/2-1/2"]
[WhiteElo "2651"]
[BlackElo "2510"]
[PlyCount "132"]
[EventDate "2017.??.??"]

1. Nf3 d5 2. g3 Bg4 3. Bg2 Nd7 4. c4 e6 5. cxd5 exd5 6. O-O Ngf6 7. Nc3 Bd6 8.
Qb3 Nc5 9. Qc2 O-O 10. d4 Ne6 11. Be3 c6 12. Rad1 Nd7 13. Nh4 Be7 14. Nf5 Bf6
15. h3 Bh5 16. f4 Bg6 17. Bf2 Qb6 18. e4 dxe4 19. Bxe4 Qc7 20. d5 Nec5 21. d6
Qd8 22. Ne7+ Bxe7 23. dxe7 Qxe7 24. f5 Nxe4 25. fxg6 Nxf2 26. gxh7+ Kh8 27.
Rxf2 Nf6 28. Qf5 Rae8 29. Kg2 Qe5 30. Qd3 Qe3 31. Qc4 Kxh7 32. Rd4 Qe5 33. Re2
Qc7 34. Qd3+ Kg8 35. Rd2 Re6 36. Qf5 Rfe8 37. g4 Re3 38. Qf4 Qxf4 39. Rxf4 R3e7
40. Ra4 a6 41. Rad4 g6 42. g5 Ne4 43. Nxe4 Rxe4 44. Rxe4 Rxe4 45. Kf3 Rb4 46.
Rd8+ Kg7 47. b3 a5 48. Rd7 Kf8 49. Rc7 Ke8 50. Ke3 a4 51. bxa4 Rxa4 52. Rxb7
Rxa2 53. Rc7 Rc2 54. Kd4 Rd2+ 55. Ke4 Rg2 56. Kf4 Rc2 57. Ke4 Rc5 58. h4 Rc4+
59. Ke3 c5 60. Kd3 Rc1 61. Kd2 Rc4 62. Kd3 Rxh4 63. Rxc5 Rh5 64. Re5+ Kf8 65.
Ke4 Kg7 66. Kf4 Rh4+ 1/2-1/2

[Event "BL 1617 Schachfr. Berlin - SK König Te"]
[Site "?"]
[Date "2017.04.29"]
[Round "13.4"]
[White "Sprenger, Jan Michael"]
[Black "Moreno Tejera, Emilio"]
[Result "1/2-1/2"]
[WhiteElo "2520"]
[BlackElo "2426"]
[PlyCount "55"]
[EventDate "2017.??.??"]

1. e4 c5 2. Nf3 d6 3. d4 cxd4 4. Nxd4 Nf6 5. Nc3 Nc6 6. Bg5 e6 7. Qd2 Be7 8.
O-O-O Nxd4 9. Qxd4 O-O 10. f4 Qa5 11. h4 Rd8 12. Bd3 e5 13. Qe3 exf4 14. Qxf4
Be6 15. Kb1 Qe5 16. Nd5 Bxd5 17. exd5 Qxf4 18. Bxf4 Ng4 19. Rde1 Bf6 20. Be2
Ne5 21. g4 g6 22. g5 Bg7 23. c4 b6 24. h5 Rac8 25. b3 Re8 26. Rhf1 Re7 27. Bg3
a5 28. a4 1/2-1/2

[Event "BL 1617 Schachfr. Berlin - SK König Te"]
[Site "?"]
[Date "2017.04.29"]
[Round "13.5"]
[White "Muse, Mladen"]
[Black "Jakubowski, Krzysztof"]
[Result "1-0"]
[WhiteElo "2385"]
[BlackElo "2534"]
[PlyCount "121"]
[EventDate "2017.??.??"]

1. Nf3 d5 2. g3 c5 3. Bg2 f6 4. d4 cxd4 5. Nxd4 e5 6. Nb3 Ne7 7. c4 dxc4 8.
Qxd8+ Kxd8 9. Na5 Nec6 10. Bd2 Bc5 11. Na3 Bxa3 12. bxa3 Kc7 13. Nxc4 Be6 14.
Rc1 Rd8 15. f4 Rd4 16. Na5 Bd5 17. Bxd5 Rxd5 18. fxe5 fxe5 19. Rf1 b6 20. Nc4
Kb7 21. Rf7+ Rd7 22. Nd6+ Kc7 23. Ne8+ Kb7 24. Rxg7 Rxg7 25. Nxg7 Nd4 26. e3
Nf3+ 27. Ke2 Nxd2 28. Kxd2 Nc6 29. Ne6 Re8 30. Ng5 e4 31. Rc4 Ne5 32. Rxe4 h6
33. Nf7 Nf3+ 34. Kd3 Ne1+ 35. Ke2 Rxe4 36. Nd6+ Kc6 37. Nxe4 Nc2 38. a4 Kd5 39.
Nf6+ Ke6 40. Ne4 Kd5 41. Nf6+ Ke6 42. Ng4 Nb4 43. a3 Nc2 44. Kd3 Nxa3 45. Nxh6
b5 46. axb5 Nxb5 47. e4 Nd6 48. Nf5 Nf7 49. Nd4+ Kd7 50. Nf3 a5 51. g4 a4 52.
h4 Nd6 53. e5 Nf7 54. Kc3 Ke6 55. Kb4 Nh6 56. g5 Ng8 57. h5 Ne7 58. Kxa4 Kf5
59. h6 Ng6 60. Kb5 Kf4 61. h7 1-0

[Event "BL 1617 Schachfr. Berlin - SK König Te"]
[Site "?"]
[Date "2017.04.29"]
[Round "13.6"]
[White "Schreiner, Peter"]
[Black "Bruedigam, Martin"]
[Result "1-0"]
[WhiteElo "2482"]
[BlackElo "2403"]
[PlyCount "125"]
[EventDate "2017.??.??"]

1. d4 Nf6 2. c4 e6 3. g3 Bb4+ 4. Bd2 a5 5. Bg2 d6 6. Nc3 O-O 7. a3 Bxc3 8. Bxc3
d5 9. Nf3 Ne4 10. O-O Nxc3 11. bxc3 c6 12. Nd2 b5 13. cxb5 cxb5 14. e4 Bb7 15.
Re1 dxe4 16. Nxe4 Nd7 17. Rb1 Rb8 18. Rxb5 Qc7 19. Qd2 Bxe4 20. Rxb8 Rxb8 21.
Bxe4 Nf6 22. Bg2 h5 23. Rc1 Qc4 24. Qg5 Rb5 25. Qd2 Rb8 26. h3 a4 27. g4 hxg4
28. hxg4 Rb3 29. g5 Nd5 30. g6 fxg6 31. Qg5 Kf7 32. Re1 Nf6 33. Bh3 Rb6 34. Qa5
Rd6 35. Qa7+ Kf8 36. Qb8+ Ke7 37. Qa7+ Kf8 38. Rb1 Nd7 39. Qa8+ Kf7 40. Qf3+
Kg8 41. Qg3 Rc6 42. d5 Qxd5 43. Bg2 Qc5 44. Bxc6 Qxc6 45. Qxg6 Nf8 46. Qg3 Qd5
47. Rb4 e5 48. Qg4 Ne6 49. c4 Qc6 50. Rb8+ Kf7 51. Qf5+ Ke7 52. Qxe5 Qf3 53.
Qg3 Qe4 54. c5 Kf7 55. Rb4 Qd5 56. Qg4 g5 57. Rxa4 Qxc5 58. Qf3+ Ke7 59. Qe3
Qd5 60. Re4 Kf7 61. Rxe6 Qd1+ 62. Kh2 Qh5+ 63. Qh3 1-0

[Event "BL 1617 Schachfr. Berlin - SK König Te"]
[Site "?"]
[Date "2017.04.29"]
[Round "13.8"]
[White "Baldauf, Marco"]
[Black "Von Herman, Ulf"]
[Result "1/2-1/2"]
[WhiteElo "2456"]
[BlackElo "2346"]
[PlyCount "68"]
[EventDate "2017.??.??"]

1. c4 c5 2. Nf3 Nc6 3. d4 cxd4 4. Nxd4 Nf6 5. Nc3 e6 6. Bf4 d5 7. e3 Bb4 8. Be2
O-O 9. O-O dxc4 10. Nxc6 bxc6 11. Bxc4 Nd5 12. Ne4 Nxf4 13. exf4 a5 14. Rc1 a4
15. Qxd8 Rxd8 16. Rfd1 Bd7 17. Rd3 Be8 18. Rxd8 Rxd8 19. a3 Be7 20. Kf1 Rb8 21.
Rc2 h6 22. Ke2 g5 23. fxg5 hxg5 24. f3 Kg7 25. Kd1 c5 26. Ba2 Rb5 27. Bc4 Rb8
28. Ba2 Rb5 29. Re2 Bc6 30. Kc2 Ra5 31. Bc4 Ra8 32. h3 Rb8 33. Kc1 Rb6 34. Kc2
Rb8 1/2-1/2

[Event "BL 1617 SV Mülheim Nord - SG Solingen"]
[Site "?"]
[Date "2017.04.29"]
[Round "13.3"]
[White "Predojevic, Borki"]
[Black "Zelbel, Patrick"]
[Result "1/2-1/2"]
[WhiteElo "2616"]
[BlackElo "2429"]
[PlyCount "84"]
[EventDate "2017.??.??"]

1. e4 e5 2. Nf3 Nc6 3. Bb5 f5 4. Nc3 fxe4 5. Nxe4 Nf6 6. Nxf6+ Qxf6 7. Qe2 Be7
8. Bxc6 bxc6 9. Nxe5 Qe6 10. d4 Bf6 11. Nf3 Qxe2+ 12. Kxe2 Ba6+ 13. Kd1 O-O 14.
Rb1 Bc4 15. b3 Bd5 16. Be3 Bxf3+ 17. gxf3 Be7 18. Ke2 Rf5 19. Rbg1 Raf8 20. Rg3
Bd6 21. Rh3 c5 22. dxc5 Bxc5 23. Rg1 g6 24. Rg5 Be7 25. Rxf5 Rxf5 26. Rg3 Ra5
27. a4 a6 28. Bf4 c6 29. Rg1 Kf7 30. Rb1 Ke6 31. Bg3 Bf6 32. Rd1 Rd5 33. Rxd5
Kxd5 34. Kd3 Ke6 35. h3 d5 36. Bf4 h5 37. Be3 Be5 38. c4 Bf6 39. Bb6 Be5 40.
Bd8 Bg7 41. Bb6 Be5 42. Bd8 Bg7 1/2-1/2

[Event "BL 1617 SV Mülheim Nord - SG Solingen"]
[Site "?"]
[Date "2017.04.29"]
[Round "13.4"]
[White "Hausrath, Daniel"]
[Black "Smeets, Jan"]
[Result "1/2-1/2"]
[WhiteElo "2480"]
[BlackElo "2603"]
[PlyCount "83"]
[EventDate "2017.??.??"]

1. Nf3 d5 2. g3 Nc6 3. d4 Bf5 4. Bg2 e6 5. O-O a6 6. c4 dxc4 7. Nc3 Nge7 8. e4
Bg4 9. Be3 Bxf3 10. Bxf3 g6 11. d5 Ne5 12. Be2 Bg7 13. dxe6 fxe6 14. Qc2 Qd7
15. Rad1 Qc6 16. Bg5 Nf7 17. Bxe7 Kxe7 18. f4 Rad8 19. Bf3 Rxd1 20. Rxd1 Rd8
21. Rxd8 Nxd8 22. Kg2 Bd4 23. Ne2 e5 24. Qd2 Qd6 25. fxe5 Bxe5 26. Qh6 Qf6 27.
Qxh7+ Nf7 28. h4 Kf8 29. Bg4 Qc6 30. Bf3 Qf6 31. Bg4 b5 32. h5 Qg7 33. hxg6
Qxh7 34. gxh7 Bxb2 35. Nf4 Kg7 36. Ne6+ Kxh7 37. Nxc7 Ne5 38. Bd1 Nd3 39. Nxa6
Be5 40. Kf1 Bxg3 41. Bc2 Ne5 42. a4 1/2-1/2

[Event "BL 1617 SV Mülheim Nord - SG Solingen"]
[Site "?"]
[Date "2017.04.29"]
[Round "13.5"]
[White "L'Ami, Erwin"]
[Black "Dinstuhl, Volkmar"]
[Result "1-0"]
[WhiteElo "2614"]
[BlackElo "2397"]
[PlyCount "101"]
[EventDate "2017.??.??"]

1. d4 Nf6 2. c4 e6 3. Nf3 b6 4. g3 Ba6 5. Nbd2 Bb4 6. Qc2 Bb7 7. Bg2 Be4 8. Qd1
O-O 9. O-O Bxd2 10. Qxd2 d6 11. b3 Nbd7 12. Bb2 Qe7 13. Rfd1 Rfe8 14. Qc3 a5
15. Bf1 a4 16. b4 c5 17. dxc5 dxc5 18. b5 Bb7 19. Rd3 Be4 20. Re3 Qf8 21. Rd1
Ra7 22. Nh4 h6 23. h3 Rc8 24. g4 Re8 25. Qc1 Qe7 26. f4 a3 27. Ba1 Bh7 28. Nf3
Qf8 29. Rxa3 Rxa3 30. Qxa3 Ra8 31. Qb2 Qe7 32. a3 Ra4 33. Qb3 Ra7 34. Bb2 Be4
35. Qe3 Bb7 36. Qd2 Be4 37. Qe3 Bb7 38. Ne5 Nxe5 39. Qxe5 Ne8 40. f5 Ra8 41.
fxe6 fxe6 42. Rd3 Ra4 43. Qc3 Ba8 44. Rd1 h5 45. Qb3 Ra7 46. Qg3 hxg4 47. Qxg4
Ra4 48. e3 Ra7 49. Bd3 Rd7 50. Qg6 Nf6 51. Bxf6 1-0